Porovnanie daňovej výhodnosti sponzorských darov a reklamy na konkrétnych príkladoch

Existujú dva spôsoby, ako môže podnikateľ poskytnúť peňažné alebo naturálne plnenie na podporu športu kultúry, charitu alebo iné neziskové aktivity, aby sa táto pomoc mohla prejaviť v znížení daňového základu podnikateľa v súlade so zákonom o daniach z príjmov. 1. Formou sponzorstva, 2. Formou rekla...

Ausführliche Beschreibung

Gespeichert in:
Bibliographische Detailangaben
1. Verfasser: Špaček, Peter
Format: Buchkapitel
Sprache:Slowakisch
Schlagworte:
Tags: Tag hinzufügen
Keine Tags, Fügen Sie das erste Tag hinzu!

MARC

LEADER 00000naa a2200000 4500
001 r040423
005 20230926084226.8
041 0 |a slo 
044 |a SK 
245 1 0 |a Porovnanie daňovej výhodnosti sponzorských darov a reklamy na konkrétnych príkladoch  |c Peter Špaček 
520 |a Existujú dva spôsoby, ako môže podnikateľ poskytnúť peňažné alebo naturálne plnenie na podporu športu kultúry, charitu alebo iné neziskové aktivity, aby sa táto pomoc mohla prejaviť v znížení daňového základu podnikateľa v súlade so zákonom o daniach z príjmov. 1. Formou sponzorstva, 2. Formou reklamy. Dary daňovníkov - fyzických osôb. Praktické príklady. 
610 2 0 |a zvýhodnenie daňové 
610 2 0 |a základ dane 
610 2 0 |a podnikatelia 
610 2 0 |a osoby fyzické 
610 2 0 |a sponzorovanie 
610 2 0 |a dary 
610 2 0 |a odpočet dane 
100 1 |a Špaček, Peter